000 004330000a22001690004500
003 MACL
005 20160108132806.0
008 160108b xxu||||| |||| 00| 0 eng d
040 _aMACL
_cMACL
041 _aEnglish
082 _a920/PRO
100 _aProcter, Father
_929672
245 _aShort Lives of the Dominican Saints
260 _bTrubner & Co Ltd
_c1901
_aLondon
650 _aBiography
_929673
942 _cBK
_k920/PRO
_2ddc
999 _c38360
_d38360